| 000 | 00454nam a2200169Ia 4500 | ||
|---|---|---|---|
| 001 | 14546 | ||
| 003 | IN-NITTTR | ||
| 005 | 20251114233137.0 | ||
| 008 | 251113s9999||||xx |||||||||||||| ||eng|| | ||
| 040 | _beng | ||
| 040 | _cIN-NITTTR | ||
| 041 | _aeng | ||
| 082 | _a711 E88 | ||
| 245 | 0 |
_aEnvironmental design and human behavior : _b a psychology of the individual in society. / _cKrasner, Leonard, ed. |
|
| 700 | _aKrasner, Leonard | ||
| 942 |
_2ddc _cBK |
||
| 999 |
_c17182 _d17182 |
||